Welcome to the Holygrace Academy Library

Please use search bar below to get started

HARDY BOYS ADVENTURES - MYSTERY OF THE PHANTOM HEIST (Record no. 7816)

MARC details
000 -LEADER
fixed length control field 00658nam a22001457a 4500
020 ## - INTERNATIONAL STANDARD BOOK NUMBER
ISBN 978-1-4424-2237-7
082 ## - DEWEY DECIMAL CLASSIFICATION NUMBER
Classification number 823
Item number DIX/H
100 ## - MAIN ENTRY--AUTHOR NAME
Personal name DIXON, FRANKLIN W
245 ## - TITLE STATEMENT
Title HARDY BOYS ADVENTURES - MYSTERY OF THE PHANTOM HEIST
260 ## - PUBLICATION, DISTRIBUTION, ETC. (IMPRINT)
Place of publication NEW YORK
Name of publisher ALADDIN PAPERBACKS
Year of publication 2013
300 ## - PHYSICAL DESCRIPTION
Number of Pages 137
520 ## - SUMMARY, ETC.
Summary, etc Rich girl Lindsay Peyton is throwing the biggest and best Sweet Sixteen bash that Bayport has ever seen. But her party planning is off to a bad start when Frank and Joe discover that someone has keyed her very expensive car—an early birthday present—and has put the mean prank up on YouView.
650 ## - SUBJECT ADDED ENTRY--TOPICAL TERM
Topical Term MYSTERY
Geographic subdivision UNITED STATES
942 ## - ADDED ENTRY ELEMENTS (KOHA)
Koha item type Books
Holdings
Withdrawn status Lost status Collection code Home library Current library Shelving location Date acquired Source of acquisition Cost, normal purchase price Full call number Accession Number Koha item type
    Fiction Main Library Main Library NEW SHELF WITH NEW ENTRY 20/11/2023 purchase 250.00 823 DIX/H 13403 Books